Protocals additional to the Geneva Conventions : International Commettee of the Red Cross / (Record no. 340)

MARC details
000 -LEADER
fixed length control field 00613nam a22001337a 4500
008 - FIXED-LENGTH DATA ELEMENTS--GENERAL INFORMATION
fixed length control field 110413t xxu||||| |||| 00| 0 eng d
111 ## - MAIN ENTRY--MEETING NAME
Meeting name or jurisdiction name as entry element Protocals additional to the Geneva Conventions
Location of meeting Geneva
Date of meeting 12 August 1949
9 (RLIN) 1025
245 ## - TITLE STATEMENT
Title Protocals additional to the Geneva Conventions : International Commettee of the Red Cross /
250 ## - EDITION STATEMENT
Edition statement 3rd ed.
260 ## - PUBLICATION, DISTRIBUTION, ETC. (IMPRINT)
Place of publication, distribution, etc Geneva :
Name of publisher, distributor, etc International Commettee of the red Cross ;
Date of publication, distribution, etc 1977.
300 ## - PHYSICAL DESCRIPTION
Extent x, 124p.;
Other physical details ill;
Dimensions 24 cm.
942 ## - ADDED ENTRY ELEMENTS (KOHA)
Source of classification or shelving scheme Dewey Decimal Classification
Item type Books
Holdings
Withdrawn status Lost status Source of classification or shelving scheme Damaged status Not for loan Home library Current library Shelving location Date acquired Total Checkouts Full call number Barcode Date last seen Price effective from Koha item type
    Dewey Decimal Classification     Law Development Centre Main Library Law Development Centre Main Library Text Books and Laws 04/13/2011   341.026 PRO 2011/2745 04/13/2011 04/13/2011 Books